| 000 | 00910nam a2200265 i 4500 | ||
|---|---|---|---|
| 001 | 82714 | ||
| 003 | ES-MaACL | ||
| 005 | 20250815103020.0 | ||
| 007 | t| | ||
| 008 | 041111s1983 sp ||||1| spa d | ||
| 020 | _a84-335-5004-7 | ||
| 245 | 0 | 0 |
_aInmunología / _cScientific American ; [traductores, Jesús Palomeque Rico ... et. al.]. |
| 250 | _a1ª ed. | ||
| 260 |
_aBarcelona : _bLabor, _c1983. |
||
| 300 |
_a350 p. : _bil. ; _c29 cm. |
||
| 490 | 1 | _aLibros de Investigación y ciencia | |
| 594 | _aColección de artículos aparecidos en "Investigación y ciencia"; traducción de "Scientific American" | ||
| 650 | 4 |
_aInmunología. _913787 |
|
| 650 | 4 |
_aInmunopatología. _9165912 |
|
| 700 | 1 |
_aPalomeque Rico, Jesús. _988688 |
|
| 710 | 2 |
_aScientific American. _96515 |
|
| 830 | 1 | 0 |
_aLibros de investigación y ciencia _9181956 |
| 852 |
_aES-MaACL _jL-4929 |
||
| 999 |
_c82714 _d82714 |
||